| 000 | 00671nam a22001937a 4500 | ||
|---|---|---|---|
| 005 | 20160128092030.0 | ||
| 010 | _aENG-114493 | ||
| 020 |
_a9789350356104 _c1095.00 |
||
| 035 | _aEN-98025 | ||
| 037 | _bDBAD/PUB | ||
| 082 | _a954.040922 | ||
| 100 | _aAggarwal, S.N. | ||
| 245 |
_aA tale of two prime ministers : _cby S.N. Aggarwal ; foreworded by R.M. Lodha _bwho won the legal battle but lost the regime / |
||
| 260 |
_aGurgaon _bLexisNexis _c2015 |
||
| 270 |
_a14th Floor, Building No.10, Tower-B, DLF Cyber City, Phase-II _bGurgaon _e122002 |
||
| 300 |
_alxv,753p. _c25cm(Hb) |
||
| 500 | _aIncludes index | ||
| 942 |
_2ddc _cEN _mAGG _h954.040922 |
||
| 999 |
_c98361 _d98361 |
||